000
00324nam a2200133Ia 4500
008
231129s1973||||xx |||||||||||||| ||spa||
040
_b
spa
082
_a
R 636.0202 E56m
100
_a
Ensminger M.E.
245
0
_a
Manual del ganadero
260
_c
1973
264
_a
Centro Regional de Ayuda Tecnica.
942
_2
ddc
_c
BKS
999
_c
20490
_d
20490